[Event "Berlin Lichtenberger op 17th"]
[Site "Berlin"]
[Date "2018.08.26"]
[Round "9"]
[White "Seitz, Patrick"]
[Black "Spors, Carl Philip"]
[Result "1-0"]
[WhiteElo "1998"]
[BlackElo "1902"]
[PlyCount "91"]
[EventDate "2018.08.18"]
[EventType "swiss"]
[EventRounds "9"]
[EventCountry "GER"]
[SourceTitle "CBM 186 Extra"]
[Source "ChessBase"]
[SourceDate "2018.08.24"]
[SourceVersion "1"]
[SourceVersionDate "2018.08.24"]
[SourceQuality "1"]

1. e4 c5 2. Nf3 d6 3. d4 cxd4 4. Nxd4 Nf6 5. Nc3 a6 6. Bc4 e6 7. Bb3 b5 8. a3 Nbd7 9. 0-0 Nc5 10. Bg5 Bb7 11. f4 Qc7 12. Bxf6 gxf6 13. f5 e5 14. Nd5 Qd8 15. Ne2 Nxe4 16. Nec3 Nxc3 17. bxc3 Rc8 18. Qh5 Rg8 19. Rf3 Rg7 20. Rg3 Rxg3 21. hxg3 h6 22. Nf4 Qe7 23. Ne2 Be4 24. Be6 Rc5 25. a4 Qb7 26. axb5 Rxb5 27. Rxa6 Kd8 28. Qxf7 Qxf7 29. Bxf7 Kc7 30. g4 Kb7 31. Ra2 d5 32. Ng3 Bc5+ 33. Kh2 Be3 34. c4 Rc5 35. Bxd5+ Bxd5 36. cxd5 Rxd5 37. Ne4 Bf4+ 38. g3 Bg5 39. Kg2 Rb5 40. Nd6+ Kc6 41. Nxb5 Kxb5 42. Kf3 Kc4 43. Ke4 Kc3 44. Kd5 Bd2 45. Ra6 Bg5 46. Rc6+ 1-0

[Event "Gorzow Wielkopolski Lasker Memor-B 2nd"]
[Site "Gorzow Wielkopolski"]
[Date "2018.07.05"]
[Round "1.5"]
[White "Spors, Carl Philip"]
[Black "Kugler, Pawel"]
[Result "0-1"]
[WhiteElo "1902"]
[BlackElo "1575"]
[PlyCount "110"]
[EventDate "2018.07.02"]
[EventType "swiss"]
[EventRounds "7"]
[EventCountry "POL"]
[SourceTitle "EXT 2023"]
[Source "ChessBase"]
[SourceDate "2022.10.05"]
[SourceVersion "1"]
[SourceVersionDate "2022.10.05"]
[SourceQuality "1"]

1. d4 e6 2. c4 b6 3. Nc3 Bb7 4. Bf4 Bb4 5. a3 Bxc3+ 6. bxc3 f5 7. f3 Nf6 8. Nh3 0-0 9. Nf2 d6 10. e3 Nbd7 11. Bd3 Qe7 12. 0-0 Nh5 13. Nh3 h6 14. Qe1 Nxf4 15. Nxf4 Qf7 16. Bc2 g5 17. Nh3 e5 18. Qe2 Qg7 19. f4 g4 20. Nf2 e4 21. Bb3 Kh7 22. a4 a5 23. Nh1 h5 24. Qf2 Ba6 25. Qh4 Qg6 26. Rfd1 Rae8 27. Rd2 Rh8 28. Ng3 Kg7 29. Rf1 Ref8 30. Rdf2 Rf6 31. Qg5 h4 32. Qxg6+ Kxg6 33. Nh1 d5 34. g3 dxc4 35. Ba2 Rd6 36. gxh4 Rxh4 37. Rg2 Nf6 38. Ng3 Nd5 39. Re1 Nxc3 40. Bxc4 Bxc4 41. Rc1 Nd5 42. Rxc4 Nxe3 43. Rxc7 Nxg2 44. Kxg2 Kf6 45. Kg1 Rh8 46. Kg2 Ke6 47. Ne2 Rf8 48. Kg3 Kd5 49. Nc3+ Kxd4 50. Nb5+ Kd5 51. Nxd6 Kxd6 52. Rc3 Kd5 53. Kf2 Rh8 54. Kg2 Rh6 55. Rc2 e3 0-1